[Event "TechM GCL 2025"]
[Site "Mumbai IND"]
[Date "2025.12.14"]
[Round "1.1"]
[White "Firouzja, Alireza"]
[Black "Caruana, Fabiano"]
[Result "1-0"]
[WhiteTitle "GM"]
[BlackTitle "GM"]
[WhiteElo "2762"]
[BlackElo "2795"]
[WhiteTeam "Triveni Continental Kings"]
[BlackTeam "Alpine SG Pipers"]
[WhiteFideId "12573981"]
[BlackFideId "2020009"]
[EventDate "2025.12.14"]
[EventType "team"]

1. e4 c5 2. Nf3 g6 3. d4 cxd4 4. Nxd4 Bg7 5. Nc3 Nc6 6. Be3 Nf6 7. Bc4 O-O 8.
Bb3 d6 9. f3 Bd7 10. Qd3 Ne5 11. Qd2 Rc8 12. h4 h5 13. O-O-O Nc4 14. Bxc4 Rxc4
15. Kb1 Qc7 16. Nde2 b5 17. Nf4 Bc6 18. g4 Rc8 19. gxh5 b4 20. hxg6 bxc3 21.
gxf7+ Kxf7 22. Qg2 e5 23. Rhg1 exf4 24. Qxg7+ Ke6 25. Qg6 fxe3 26. Qf5+ Kf7 27.
Rg6 Qe7 28. Rdg1 Bxe4 29. Rg7+ Ke8 30. Rxe7+ Kxe7 31. Rg7+ Ke8 32. Qe6+ 1-0

[Event "TechM GCL 2025"]
[Site "Mumbai IND"]
[Date "2025.12.14"]
[Round "1.1"]
[White "Wei, Yi"]
[Black "Giri, Anish"]
[Result "1-0"]
[WhiteTitle "GM"]
[BlackTitle "GM"]
[WhiteElo "2754"]
[BlackElo "2760"]
[WhiteTeam "Triveni Continental Kings"]
[BlackTeam "Alpine SG Pipers"]
[WhiteFideId "8603405"]
[BlackFideId "24116068"]
[EventDate "2025.12.14"]
[EventType "team"]

1. e4 e5 2. Nc3 Nf6 3. d4 exd4 4. Qxd4 Nc6 5. Qc4 Bb4 6. Bd2 O-O 7. O-O-O Re8 8.
f3 d6 9. Qe2 Be6 10. a3 Ba5 11. Qe1 a6 12. Nge2 b5 13. Nf4 Bc8 14. g4 Rb8 15.
Rg1 Nd7 16. g5 Nde5 17. Rg3 b4 18. axb4 Nxb4 19. Ncd5 Nxd5 20. Nxd5 Bxd2+ 21.
Qxd2 c6 22. Ne3 Qb6 23. Qc3 d5 24. exd5 Bd7 25. f4 Ng6 26. Bc4 Nxf4 27. dxc6 Be6
28. Rf1 Bxc4 29. Rxf4 Be6 30. Nf5 Bxf5 31. Rxf5 Rbc8 32. Rc5 Re1+ 33. Qxe1 Qxc5
34. Rc3 Qxg5+ 35. Kb1 h6 36. c7 Qf6 37. Qe4 Qf1+ 38. Ka2 Qb5 39. Qe7 Qd5+ 40. b3
Kh7 41. Rc5 Qd4 42. c3 Qd2+ 43. Ka3 Qf4 44. Qd7 Qe3 45. Qf5+ g6 46. Qxf7+ Kh8
47. Qf6+ Kh7 48. Qd6 Qc1+ 49. Kb4 a5+ 50. Kb5 Qf1+ 51. Kb6 Qf7 52. Rd5 Kg8 53.
Qd8+ 1-0

[Event "TechM GCL 2025"]
[Site "Mumbai IND"]
[Date "2025.12.14"]
[Round "1.1"]
[White "Vidit, Santosh Gujrathi"]
[Black "Praggnanandhaa, R"]
[Result "1/2-1/2"]
[WhiteTitle "GM"]
[BlackTitle "GM"]
[WhiteElo "2708"]
[BlackElo "2761"]
[WhiteTeam "Triveni Continental Kings"]
[BlackTeam "Alpine SG Pipers"]
[WhiteFideId "5029465"]
[BlackFideId "25059530"]
[EventDate "2025.12.14"]
[EventType "team"]

1. d4 d5 2. c4 dxc4 3. Nf3 Nf6 4. e3 Be6 5. Na3 Bd5 6. Nxc4 e6 7. Be2 Be7 8. O-O
O-O 9. b3 a5 10. a3 Nbd7 11. Bb2 c5 12. Rc1 h6 13. a4 cxd4 14. Nxd4 Bb4 15. Nb5
Qe7 16. Nc7 Rac8 17. Nxd5 exd5 18. Nd2 Ba3 19. Bxa3 Qxa3 20. Rc2 Nc5 21. Qc1 Qb4
22. Qb2 Nfe4 23. Nxe4 dxe4 24. Bc4 Rcd8 25. Qe5 b6 26. h3 Rd7 27. Kh2 Rfd8 28.
f3 exf3 29. Rxf3 Nd3 30. Bxd3 Rxd3 31. Rc7 Qd6 32. Qxd6 R8xd6 33. Rcxf7 Rxb3 34.
Rb7 Rg6 35. e4 Rb4 36. Rg3 Rxg3 37. Kxg3 Rxa4 38. Rxb6 Rxe4 39. Ra6 a4 40. Ra7
Kh7 41. Ra6 h5 42. Kf3 Rb4 43. g3 g6 44. Ra7+ Kg8 45. Ke3 Kf8 46. Ra6 Kf7 47.
Kf3 Kg7 48. Ke3 g5 49. Ra5 Rb3+ 50. Kf2 Rb2+ 51. Kf3 Rb3+ 52. Kf2 a3 53. Rxg5+
Kh6 54. Ra5 h4 55. gxh4 Rxh3 56. Kg2 Rxh4 57. Rxa3 1/2-1/2

[Event "TechM GCL 2025"]
[Site "Mumbai IND"]
[Date "2025.12.14"]
[Round "1.1"]
[White "Zhu, Jiner"]
[Black "Hou, Yifan"]
[Result "1/2-1/2"]
[WhiteTitle "GM"]
[BlackTitle "GM"]
[WhiteElo "2579"]
[BlackElo "2613"]
[WhiteTeam "Triveni Continental Kings"]
[BlackTeam "Alpine SG Pipers"]
[WhiteFideId "8608059"]
[BlackFideId "8602980"]
[EventDate "2025.12.14"]
[EventType "team"]

1. d4 Nf6 2. Nf3 e6 3. Bf4 b6 4. e3 Bb7 5. Be2 Nh5 6. Bg5 Be7 7. Bxe7 Qxe7 8.
O-O O-O 9. c4 f5 10. Nc3 Nf6 11. d5 e5 12. Qc2 d6 13. e4 f4 14. b4 a5 15. a3 Na6
16. Rab1 Bc8 17. Rfc1 h6 18. c5 bxc5 19. Bxa6 Bxa6 20. bxc5 dxc5 21. Nb5 Rfb8
22. a4 Bxb5 23. Rxb5 Rxb5 24. axb5 a4 25. Nd2 Nd7 26. Nc4 Qg5 27. f3 Kh7 28. Ra1
Qh4 29. h3 a3 30. Kf1 Nb6 31. Nxa3 Qe7 32. Ra2 Ra4 33. Nb1 Rxa2 34. Qxa2 c4 35.
Qa3 Qd7 36. Nc3 Qd8 37. Nd1 Qd7 38. Qc5 Kg8 39. Nb2 c3 40. Qxc3 Qxb5+ 41. Kg1
Nd7 42. Nd3 Qb6+ 43. Kh2 Qd6 44. Nb4 Qg6 45. Nc6 Qd6 46. Qa1 Kh7 47. Nd8 Qg6 48.
Ne6 c6 49. dxc6 Qxe6 50. cxd7 Qxd7 51. Qxe5 Qd2 52. Qf5+ Kh8 53. e5 Qe3 54. e6
Qe1 55. Qf8+ Kh7 56. Qf5+ Kh8 57. Qxf4 Qxe6 58. h4 Qd5 59. Qb8+ Kh7 60. Qb1+ Kh8
61. Qe4 Qd6+ 62. f4 Qd8 63. Kh3 Qc8+ 64. Kh2 Qd8 65. Kg3 Qc8 66. Qd4 Qb8 67. Qe5
Qc8 68. h5 Kh7 69. Kf3 Kh8 70. Qd5 Qb8 71. g3 Qf8 72. Ke4 Qe8+ 73. Qe5 Qc6+ 74.
Kf5 Qc2+ 75. Kg4 Qd1+ 76. Kh4 Qh1+ 77. Kg4 Qd1+ 78. Kh4 1/2-1/2

[Event "TechM GCL 2025"]
[Site "Mumbai IND"]
[Date "2025.12.14"]
[Round "1.1"]
[White "Kosteniuk, Alexandra"]
[Black "Batsiashvili, Nino"]
[Result "0-1"]
[WhiteTitle "GM"]
[BlackTitle "GM"]
[WhiteElo "2483"]
[BlackElo "2462"]
[WhiteTeam "Triveni Continental Kings"]
[BlackTeam "Alpine SG Pipers"]
[WhiteFideId "4128125"]
[BlackFideId "13602993"]
[EventDate "2025.12.14"]
[EventType "team"]

1. e4 e5 2. Nf3 Nc6 3. Bc4 Nf6 4. d3 Bc5 5. Nc3 h6 6. Be3 Bb6 7. Nd5 d6 8. Nxb6
axb6 9. a3 O-O 10. O-O Be6 11. Bxe6 fxe6 12. b4 b5 13. c3 Qe8 14. a4 bxa4 15.
Rxa4 Rxa4 16. Qxa4 Nh5 17. Nd2 Qg6 18. f3 d5 19. d4 exd4 20. cxd4 dxe4 21. Nxe4
Nf6 22. Nxf6+ Qxf6 23. b5 Ne7 24. Bf2 Nd5 25. Qc2 Qf5 26. Qxf5 exf5 27. Rc1 Rd8
28. Kf1 Kf7 29. Ke2 Ra8 30. Be1 Ra2+ 31. Bd2 Rb2 32. Rc5 Ke6 33. g3 Rb3 34. Bf4
Rxb5 35. Rxb5 Nc3+ 36. Kd3 Nxb5 37. Be5 g6 38. Kc4 Nd6+ 39. Kc5 Kd7 40. Bf4 Nf7
41. h4 b6+ 42. Kc4 g5 43. h5 0-1

[Event "TechM GCL 2025"]
[Site "Mumbai IND"]
[Date "2025.12.14"]
[Round "1.1"]
[White "Maurizzi, MarcAndria"]
[Black "Mendonca, Leon Luke"]
[Result "1/2-1/2"]
[WhiteTitle "GM"]
[BlackTitle "GM"]
[WhiteElo "2611"]
[BlackElo "2615"]
[WhiteTeam "Triveni Continental Kings"]
[BlackTeam "Alpine SG Pipers"]
[WhiteFideId "36083534"]
[BlackFideId "35028561"]
[EventDate "2025.12.14"]
[EventType "team"]

1. e4 e5 2. Nf3 Nc6 3. Bb5 a6 4. Ba4 d6 5. O-O Bd7 6. Re1 Nge7 7. c3 Ng6 8. d4
Be7 9. Be3 O-O 10. Nbd2 exd4 11. cxd4 Nb4 12. Bxd7 Qxd7 13. Qb3 d5 14. Rac1 a5
15. a3 a4 16. Qc3 dxe4 17. Nxe4 Nd5 18. Qc2 c6 19. Ne5 Qf5 20. Nc4 Rfd8 21. g3
Nf8 22. Ne5 Nd7 23. Bd2 N7f6 24. Nxf6+ Qxf6 25. Re4 Qf5 26. Rce1 Bf8 27. Qc4 f6
28. Nd3 Qd7 29. Nf4 Qf7 30. Ne6 Rd7 31. h4 Nc7 32. Bb4 Nxe6 33. Rxe6 h5 34. Bxf8
Rxf8 35. Qxa4 Rfd8 36. R6e4 Kh7 37. Qb4 Qg6 38. Qc5 Rd5 39. Qb4 R8d7 40. Qc3 Qf5
41. a4 R5d6 42. b4 Rd5 43. Rf4 Qg6 44. Kg2 Kg8 45. Qc4 Kh7 46. Rfe4 Qf5 47. Qc3
Qg6 48. Qe3 Qf5 49. Rc1 Qg6 50. Rc4 Qf7 51. Rc2 Qg6 52. Rc4 Qf7 53. Rc3 Qg6 54.
Rc1 Qf7 55. Rc3 Qg6 56. Rc1 Qf7 57. Rc3 1/2-1/2

[Event "TechM GCL 2025"]
[Site "Mumbai IND"]
[Date "2025.12.14"]
[Round "1.2"]
[White "Anand, Viswanathan"]
[Black "Vachier-Lagrave, Maxime"]
[Result "0-1"]
[WhiteTitle "GM"]
[BlackTitle "GM"]
[WhiteElo "2743"]
[BlackElo "2734"]
[WhiteTeam "Ganges Grandmasters"]
[BlackTeam "Upgrad Mumba Masters"]
[WhiteFideId "5000017"]
[BlackFideId "623539"]
[EventDate "2025.12.14"]
[EventType "team"]

1. e4 e5 2. Nf3 Nc6 3. Bb5 a6 4. Ba4 Nf6 5. O-O Be7 6. Re1 b5 7. Bb3 d6 8. c3
O-O 9. h3 Bb7 10. d4 Re8 11. Nbd2 Bf8 12. d5 Nb8 13. Nf1 Nbd7 14. Ng3 Nc5 15.
Bc2 c6 16. b4 Ncd7 17. dxc6 Bxc6 18. Bg5 h6 19. Bxf6 Nxf6 20. Bb3 Qc7 21. Nh2 d5
22. exd5 Rad8 23. Ng4 Nxd5 24. Qc2 Nf4 25. Qf5 g6 26. Nf6+ Kg7 27. Nxe8+ Rxe8
28. Qc2 Nxg2 29. Re2 Qc8 30. f3 Nh4 31. Re3 Nxf3+ 32. Rxf3 Bxf3 33. Bxf7 Kxf7
34. Rf1 e4 0-1

[Event "TechM GCL 2025"]
[Site "Mumbai IND"]
[Date "2025.12.14"]
[Round "1.2"]
[White "Keymer, Vincent"]
[Black "So, Wesley"]
[Result "1/2-1/2"]
[WhiteTitle "GM"]
[BlackTitle "GM"]
[WhiteElo "2776"]
[BlackElo "2753"]
[WhiteTeam "Ganges Grandmasters"]
[BlackTeam "Upgrad Mumba Masters"]
[WhiteFideId "12940690"]
[BlackFideId "5202213"]
[EventDate "2025.12.14"]
[EventType "team"]

1. Nf3 d5 2. g3 Nf6 3. Bg2 e6 4. O-O Be7 5. d3 c5 6. e4 Nc6 7. Qe2 O-O 8. Bf4 b5
9. Re1 Bb7 10. a4 b4 11. e5 Nd7 12. h4 a5 13. c4 bxc3 14. bxc3 Rb8 15. Na3 Ba6
16. Qc2 Qc7 17. Rab1 c4 18. Nb5 cxd3 19. Qxd3 Nb6 20. Qc2 Bxb5 21. axb5 Na7 22.
Nd4 Rfc8 23. Bf1 a4 24. Rbc1 Ba3 25. Bd3 h6 26. Rcd1 Qxc3 27. Qe2 Bc5 28. Nxe6
fxe6 29. Qg4 Re8 30. Qg6 Kf8 31. Rc1 Qb4 32. Bxh6 gxh6 33. Qf6+ Kg8 34. Qg6+ Kf8
35. Qf6+ Kg8 36. Qg6+ 1/2-1/2

[Event "TechM GCL 2025"]
[Site "Mumbai IND"]
[Date "2025.12.14"]
[Round "1.2"]
[White "Sindarov, Javokhir"]
[Black "Mamedyarov, Shakhriyar"]
[Result "0-1"]
[WhiteTitle "GM"]
[BlackTitle "GM"]
[WhiteElo "2726"]
[BlackElo "2730"]
[WhiteTeam "Ganges Grandmasters"]
[BlackTeam "Upgrad Mumba Masters"]
[WhiteFideId "14205483"]
[BlackFideId "13401319"]
[EventDate "2025.12.14"]
[EventType "team"]

1. e4 e5 2. Nf3 Nc6 3. Bc4 Nf6 4. d3 Bc5 5. c3 d6 6. b4 Bb6 7. a4 a5 8. b5 Ne7
9. O-O O-O 10. Nbd2 Ng6 11. d4 Re8 12. Qb3 Be6 13. Bxe6 Rxe6 14. Re1 Qd7 15. Qc2
h6 16. Bb2 Rae8 17. c4 exd4 18. Nxd4 R6e7 19. f3 c6 20. bxc6 bxc6 21. Nb3 Re5
22. Rad1 Nh5 23. Kh1 d5 24. g4 Nf6 25. Nf5 R5e6 26. c5 Bc7 27. Nbd4 Re5 28. Qd2
Rb8 29. Ba1 dxe4 30. Nxh6+ gxh6 31. Qxh6 Qe8 32. Nf5 Qf8 33. Bxe5 Bxe5 34. fxe4
Qxh6 35. Nxh6+ Kf8 36. g5 Nh7 37. Rg1 Rb2 38. Ng4 Bf4 39. Rgf1 Nxg5 40. Rd7 Ra2
41. Ra7 Rxa4 42. h4 Nxe4 43. Rf3 Ng3+ 44. Kg1 Nxh4 45. Rf2 Ra1+ 0-1

[Event "TechM GCL 2025"]
[Site "Mumbai IND"]
[Date "2025.12.14"]
[Round "1.2"]
[White "Shuvalova, Polina"]
[Black "Koneru, Humpy"]
[Result "1-0"]
[WhiteTitle "IM"]
[BlackTitle "GM"]
[WhiteElo "2502"]
[BlackElo "2535"]
[WhiteTeam "Ganges Grandmasters"]
[BlackTeam "Upgrad Mumba Masters"]
[WhiteFideId "24171760"]
[BlackFideId "5008123"]
[EventDate "2025.12.14"]
[EventType "team"]

1. e4 e5 2. Nf3 Nf6 3. Nxe5 d6 4. Nf3 Nxe4 5. Bd3 Nf6 6. O-O Be7 7. Re1 O-O 8.
Bf1 Re8 9. d4 Bg4 10. h3 Bh5 11. c4 Nbd7 12. Nc3 d5 13. Bf4 dxc4 14. Bxc4 Nb6
15. Bb3 Nfd5 16. Be5 Bb4 17. Qd3 Bg6 18. Qd2 c6 19. a3 Bf8 20. Bg3 Bh5 21. Ne5
Bd6 22. Ne4 Bc7 23. Nc5 Rb8 24. a4 f6 25. Ned3 Bxg3 26. fxg3 Bf7 27. a5 Nd7 28.
Rxe8+ Qxe8 29. Re1 Qd8 30. Ne6 Bxe6 31. Rxe6 Nf8 32. Re2 Kh8 33. Kh2 h6 34. Nf4
Nxf4 35. Qxf4 Rc8 36. Qf5 Rc7 37. d5 cxd5 38. Qxd5 Qxd5 39. Bxd5 Rd7 40. Bc4 g5
41. Re8 Kg7 42. Ra8 a6 43. Ra7 f5 44. Be2 Kf6 45. Bf3 Ne6 46. Rxb7 Rxb7 47. Bxb7
Nc7 48. Kg1 Ke5 49. Kf2 Kd4 50. Bc8 Kc4 51. Bxf5 Kb3 52. Kf3 Kxb2 53. Kg4 Kb3
54. Kh5 Kb4 55. Kxh6 Kxa5 56. Kxg5 Kb4 57. Bg6 Ne6+ 58. Kf6 Nc5 59. Kf5 a5 60.
Be8 Nd3 61. h4 1-0

[Event "TechM GCL 2025"]
[Site "Mumbai IND"]
[Date "2025.12.14"]
[Round "1.2"]
[White "Tsolakidou, Stavroula"]
[Black "Dronavalli, Harika"]
[Result "0-1"]
[WhiteTitle "IM"]
[BlackTitle "GM"]
[WhiteElo "2479"]
[BlackElo "2466"]
[WhiteTeam "Ganges Grandmasters"]
[BlackTeam "Upgrad Mumba Masters"]
[WhiteFideId "4264312"]
[BlackFideId "5015197"]
[EventDate "2025.12.14"]
[EventType "team"]

1. e4 g6 2. d4 Bg7 3. Nc3 d6 4. Be3 a6 5. g4 b5 6. Bg2 Bb7 7. h4 h6 8. g5 h5 9.
Nge2 e6 10. Ng3 Ne7 11. Qd2 Nd7 12. f4 Nb6 13. b3 c5 14. Rd1 b4 15. Nce2 Qc7 16.
O-O O-O 17. f5 exf5 18. exf5 Bxg2 19. Kxg2 Ned5 20. f6 Rfe8 21. Bf4 Bf8 22. c4
bxc3 23. Nxc3 cxd4 24. Nxd5 Nxd5 25. Qxd4 Nc3 26. Rd2 Qc6+ 27. Kh2 Ne4 28. Qd5
Nxg3 29. Kxg3 Qd7 30. Qf3 Rac8 31. Rfd1 Rc6 32. Kg2 Rec8 33. Bg3 Rc2 34. Qe4
Rxd2+ 35. Rxd2 Rc3 36. b4 Qc8 37. Re2 Rc4 38. Qe8 Qg4 39. Qe3 Rxb4 40. Qf3 Qc8
41. Qd5 Rg4 42. Qd3 d5 43. Qxd5 Qc7 44. Re3 Qc2+ 45. Kf3 Qc1 46. Qd3 Qh1+ 47.
Kf2 Bc5 48. Qd8+ Kh7 49. Qe8 Bxe3+ 50. Qxe3 Qe4 51. Qb3 Qd4+ 52. Kg2 Qc4 53.
Qxc4 Rxc4 54. a3 Kg8 55. Kh3 Kf8 56. Bd6+ Ke8 57. Kg3 Kd7 58. Bb4 Ke6 59. Be7
Rg4+ 60. Kh3 Kf5 0-1

[Event "TechM GCL 2025"]
[Site "Mumbai IND"]
[Date "2025.12.14"]
[Round "1.2"]
[White "Sadhwani, Raunak"]
[Black "Daneshvar, Bardiya"]
[Result "0-1"]
[WhiteTitle "GM"]
[BlackTitle "GM"]
[WhiteElo "2638"]
[BlackElo "2600"]
[WhiteTeam "Ganges Grandmasters"]
[BlackTeam "Upgrad Mumba Masters"]
[WhiteFideId "35093487"]
[BlackFideId "12576468"]
[EventDate "2025.12.14"]
[EventType "team"]

1. Nf3 d5 2. b3 Bf5 3. Bb2 e6 4. g3 Nf6 5. Bg2 Be7 6. O-O O-O 7. d3 h6 8. Nbd2
a5 9. a3 c6 10. Re1 Nbd7 11. e4 Bh7 12. a4 dxe4 13. dxe4 Bb4 14. Qe2 e5 15. Red1
Qe7 16. Nh4 Nb6 17. Nf5 Bxf5 18. exf5 Rfe8 19. Ne4 Nbd5 20. Rd3 Nxe4 21. Bxe4
Nf6 22. Rad1 Bc5 23. Kg2 Bd4 24. Bc1 Rad8 25. h4 Bb6 26. Ba3 Qxa3 0-1

[Event "TechM GCL 2025"]
[Site "Mumbai IND"]
[Date "2025.12.14"]
[Round "1.3"]
[White "Artemiev, Vladislav"]
[Black "Erigaisi, Arjun"]
[Result "1/2-1/2"]
[WhiteTitle "GM"]
[BlackTitle "GM"]
[WhiteElo "2641"]
[BlackElo "2775"]
[WhiteTeam "Fyers American Gambits"]
[BlackTeam "PBG Alaskan Knights"]
[WhiteFideId "24101605"]
[BlackFideId "35009192"]
[EventDate "2025.12.14"]
[EventType "team"]

1. Nf3 d5 2. e3 Nf6 3. c4 e6 4. Nc3 Bd6 5. b3 O-O 6. Bb2 c6 7. d4 Nbd7 8. Bd3
Re8 9. Qc2 e5 10. cxd5 cxd5 11. dxe5 Nxe5 12. Nxe5 Bxe5 13. Ne2 d4 14. Bxd4 Bxd4
15. exd4 Qxd4 16. O-O Qh4 17. Qc4 Qxc4 18. Bxc4 Be6 19. Bxe6 Rxe6 20. Nd4 Re5
21. Rfe1 Rxe1+ 22. Rxe1 Rd8 23. Nf3 Rc8 24. g3 Kf8 25. Re2 g6 26. Kg2 Rc3 27.
Rd2 h6 28. Ne5 Ke7 29. Re2 Kf8 30. Rd2 Ke7 31. Re2 Kf8 32. Rd2 Ke7 33. Re2 Kf8
34. Rd2 Ke7 35. Re2 1/2-1/2

[Event "TechM GCL 2025"]
[Site "Mumbai IND"]
[Date "2025.12.14"]
[Round "1.3"]
[White "Rapport, Richard"]
[Black "Dominguez Perez, Leinier"]
[Result "1/2-1/2"]
[WhiteTitle "GM"]
[BlackTitle "GM"]
[WhiteElo "2741"]
[BlackElo "2738"]
[WhiteTeam "Fyers American Gambits"]
[BlackTeam "PBG Alaskan Knights"]
[WhiteFideId "738590"]
[BlackFideId "3503240"]
[EventDate "2025.12.14"]
[EventType "team"]

1. g3 c5 2. Bg2 Nc6 3. e4 g6 4. d3 Bg7 5. f4 d6 6. Nf3 Nf6 7. Nc3 O-O 8. h3 Rb8
9. a4 a6 10. g4 b5 11. axb5 axb5 12. Ne2 Bb7 13. Ng3 Ra8 14. Rb1 Qb6 15. Be3 Ra2
16. O-O Nd7 17. b4 Qa6 18. bxc5 Nxc5 19. f5 b4 20. Rf2 b3 21. d4 Nb4 22. Ne1
bxc2 23. Nxc2 Nxc2 24. Rxc2 Rxc2 25. Qxc2 Nd7 26. Bf1 Qa8 27. g5 Rc8 28. Qd3 Bc6
29. fxg6 hxg6 30. h4 Rb8 31. Rxb8+ Qxb8 32. h5 Nf8 33. hxg6 Nxg6 34. Nf5 Qb7 35.
Bg2 Qb5 36. Qc2 Qa4 37. Qc1 Bd7 38. Nh6+ Kf8 39. Qf1 Be8 40. Nf5 Qb3 41. Qf3 Bd7
42. Qh3 Nh4 43. Qxh4 Bxf5 44. Bf2 Bg6 45. Qg4 Kg8 46. Qf3 Qb2 47. Qe3 Qa1+ 48.
Kh2 Qb2 49. Kg1 Qc2 50. Bf3 Qb1+ 51. Kg2 Qb2 52. Kg1 Qa1+ 53. Kg2 Qb2 54. Kg1
Qa1+ 55. Kh2 Qb2 56. Kg2 Qc2 57. Kg1 Qb1+ 1/2-1/2

[Event "TechM GCL 2025"]
[Site "Mumbai IND"]
[Date "2025.12.14"]
[Round "1.3"]
[White "Assaubayeva, Bibisara"]
[Black "Lagno, Kateryna"]
[Result "1/2-1/2"]
[WhiteTitle "GM"]
[BlackTitle "GM"]
[WhiteElo "2497"]
[BlackElo "2508"]
[WhiteTeam "Fyers American Gambits"]
[BlackTeam "PBG Alaskan Knights"]
[WhiteFideId "13708694"]
[BlackFideId "14109336"]
[EventDate "2025.12.14"]
[EventType "team"]

1. e4 e5 2. Nf3 Nc6 3. Bb5 a6 4. Ba4 Nf6 5. O-O Be7 6. d3 b5 7. Bb3 d6 8. a3 O-O
9. Nc3 Na5 10. Ba2 Be6 11. b4 Bxa2 12. Nxa2 Nc6 13. c4 Qd7 14. Nc3 Nd4 15. Be3
Nxf3+ 16. Qxf3 c6 17. Rfd1 Qe6 18. Rac1 Rfb8 19. h3 h6 20. Qe2 d5 21. exd5 cxd5
22. cxd5 Nxd5 23. Nxd5 Qxd5 24. d4 e4 25. Bf4 Re8 26. Rc7 a5 27. Be5 f6 28. Bf4
axb4 29. axb4 h5 30. Be3 Bxb4 31. Rb1 Bd6 32. Rxb5 Bxc7 33. Rxd5 Ra1+ 34. Qf1
Bh2+ 35. Kxh2 Rxf1 36. Rxh5 Rb1 37. Ra5 Rb7 38. h4 Kf7 39. h5 Rd7 40. g4 Red8 1/2-1/2

[Event "TechM GCL 2025"]
[Site "Mumbai IND"]
[Date "2025.12.14"]
[Round "1.3"]
[White "Injac, Teodora"]
[Black "Khademalsharieh, Sarasadat"]
[Result "1-0"]
[WhiteTitle "IM"]
[BlackTitle "IM"]
[WhiteElo "2421"]
[BlackElo "2414"]
[WhiteTeam "Fyers American Gambits"]
[BlackTeam "PBG Alaskan Knights"]
[WhiteFideId "932400"]
[BlackFideId "12512214"]
[EventDate "2025.12.14"]
[EventType "team"]

1. c4 e6 2. g3 d5 3. Bg2 dxc4 4. Qa4+ Nd7 5. Qxc4 a6 6. Qc2 c5 7. Nf3 Ngf6 8.
Nc3 Rb8 9. d4 cxd4 10. Nxd4 Bd6 11. O-O O-O 12. Rd1 Qe7 13. h3 Rd8 14. Be3 h6
15. Rac1 Nf8 16. Nb3 b5 17. Na5 Bd7 18. Nb7 Rxb7 19. Bxb7 e5 20. Bg2 Be6 21. a3
Rc8 22. Qd2 Rd8 23. Bc5 1-0

[Event "TechM GCL 2025"]
[Site "Mumbai IND"]
[Date "2025.12.14"]
[Round "1.3"]
[White "Murzin, Volodar"]
[Black "Dardha, Daniel"]
[Result "1/2-1/2"]
[WhiteTitle "GM"]
[BlackTitle "GM"]
[WhiteElo "2648"]
[BlackElo "2603"]
[WhiteTeam "Fyers American Gambits"]
[BlackTeam "PBG Alaskan Knights"]
[WhiteFideId "44155573"]
[BlackFideId "240990"]
[EventDate "2025.12.14"]
[EventType "team"]

1. e4 d6 2. d4 Nf6 3. Nc3 e5 4. Nf3 Nbd7 5. h3 c6 6. Be3 Be7 7. Bd3 O-O 8. O-O
Re8 9. a4 a5 10. Qd2 exd4 11. Nxd4 Bf8 12. Rfe1 h6 13. f4 Nc5 14. Bf2 Qb6 15. e5
dxe5 16. fxe5 Nd5 17. Nxd5 cxd5 18. Nb5 Bd7 19. b3 Bxb5 20. Bxb5 Red8 21. Kh1
Qc7 22. Bxc5 Bxc5 23. Re2 Bb4 24. Qe3 Qc3 25. Qxc3 Bxc3 26. Rf1 Rac8 27. e6 fxe6
28. Rxe6 Bf6 29. Bd3 Rc6 30. Re2 Kf7 31. g3 Re6 32. Rfe1 Rxe2 33. Rxe2 g6 34.
Kg2 1/2-1/2

[Event "TechM GCL 2025"]
[Site "Mumbai IND"]
[Date "2025.12.15"]
[Round "2.1"]
[White "So, Wesley"]
[Black "Artemiev, Vladislav"]
[Result "1/2-1/2"]
[WhiteTitle "GM"]
[BlackTitle "GM"]
[WhiteElo "2753"]
[BlackElo "2641"]
[WhiteTeam "Upgrad Mumba Masters"]
[BlackTeam "Fyers American Gambits"]
[WhiteFideId "5202213"]
[BlackFideId "24101605"]
[EventDate "2025.12.14"]
[EventType "team"]

1. e4 e5 2. Nf3 Nc6 3. Bc4 Nf6 4. d3 h6 5. Nc3 Bb4 6. O-O Bxc3 7. bxc3 O-O 8.
Re1 Re8 9. h3 d6 10. Bb3 Ne7 11. Nh4 Be6 12. d4 Ng6 13. Nxg6 fxg6 14. Rb1 b6 15.
dxe5 dxe5 16. Qxd8 Raxd8 17. f3 Rd6 18. Ba3 Rdd8 19. Red1 Kf7 20. Kf2 c5 21. c4
g5 22. Bb2 Rxd1 23. Rxd1 Bd7 24. Rd6 Re6 25. Rd2 Re8 26. Rd6 Re6 27. Rd1 Re8 28.
Rd6 Re6 29. Rd1 Re8 30. Rd6 Re6 1/2-1/2

[Event "TechM GCL 2025"]
[Site "Mumbai IND"]
[Date "2025.12.15"]
[Round "2.1"]
[White "Mamedyarov, Shakhriyar"]
[Black "Rapport, Richard"]
[Result "1-0"]
[WhiteTitle "GM"]
[BlackTitle "GM"]
[WhiteElo "2730"]
[BlackElo "2741"]
[WhiteTeam "Upgrad Mumba Masters"]
[BlackTeam "Fyers American Gambits"]
[WhiteFideId "13401319"]
[BlackFideId "738590"]
[EventDate "2025.12.14"]
[EventType "team"]

1. d4 Nf6 2. c4 e6 3. Nc3 Bb4 4. a3 Bxc3+ 5. bxc3 c5 6. e3 b6 7. Bd3 Bb7 8. f3
Nc6 9. Ne2 Qe7 10. O-O O-O-O 11. e4 d6 12. Be3 Kc7 13. Nc1 Na5 14. Nb3 Nxb3 15.
Qxb3 e5 16. a4 a5 17. Bg5 Bc6 18. f4 h6 19. Bh4 exf4 20. Rxf4 g5 21. Raf1 gxf4
22. Rxf4 Qd7 23. Bxf6 Bxa4 24. Qb1 Rhe8 25. Bxd8+ Qxd8 26. e5 dxe5 27. Rxf7+ Re7
28. Rf6 Kb7 29. Be4+ Ka7 30. dxc5 bxc5 31. Bd5 e4 32. Rxh6 e3 33. Qg6 1-0

[Event "TechM GCL 2025"]
[Site "Mumbai IND"]
[Date "2025.12.15"]
[Round "2.1"]
[White "Koneru, Humpy"]
[Black "Assaubayeva, Bibisara"]
[Result "1/2-1/2"]
[WhiteTitle "GM"]
[BlackTitle "GM"]
[WhiteElo "2535"]
[BlackElo "2497"]
[WhiteTeam "Upgrad Mumba Masters"]
[BlackTeam "Fyers American Gambits"]
[WhiteFideId "5008123"]
[BlackFideId "13708694"]
[EventDate "2025.12.14"]
[EventType "team"]

1. d4 Nf6 2. Nf3 g6 3. g3 Bg7 4. Bg2 c5 5. O-O cxd4 6. Nxd4 Nc6 7. c4 h5 8. h3
Nxd4 9. Qxd4 O-O 10. Qd3 d6 11. Nc3 Be6 12. Nd5 Nxd5 13. cxd5 Bf5 14. e4 Bd7 15.
Bg5 Re8 16. Qd2 a5 17. Rac1 a4 18. Rc2 a3 19. bxa3 Ba4 20. Rcc1 Bb5 21. Rfd1 Qd7
22. Rb1 Ra4 23. h4 Ba6 24. Rb3 Bc4 25. Rb4 Rea8 26. Qc2 Rxb4 27. axb4 b5 28. Qc1
Rxa2 29. Qe3 Qa7 30. Qxa7 Rxa7 31. Bf1 Kf8 32. Rc1 Bb2 33. Rc2 Ra1 34. Rxb2
Rxf1+ 35. Kg2 Re1 36. f3 Re2+ 1/2-1/2